<?xml version="1.0" encoding="UTF-8"?>
<marc:record xmlns:marc="http://www.loc.gov/MARC21/slim">
   <marc:leader>00000nam a2200000 a 4500</marc:leader>
   <marc:datafield ind1="1" ind2=" " tag="100">
      <marc:subfield code="a">Little, Bentley</marc:subfield>
      <marc:subfield code="4">ctb</marc:subfield>
      <marc:subfield code="e">Mitwirkende/-r</marc:subfield>
   </marc:datafield>
   <marc:datafield ind1="1" ind2=" " tag="100">
      <marc:subfield code="a">Jäger, Simon</marc:subfield>
      <marc:subfield code="4">ctb</marc:subfield>
      <marc:subfield code="e">Mitwirkende/-r</marc:subfield>
   </marc:datafield>
   <marc:datafield ind1=" " ind2=" " tag="653">
      <marc:subfield code="a">CD</marc:subfield>
   </marc:datafield>
   <marc:datafield ind1="0" ind2="0" tag="245">
      <marc:subfield code="a">Simon Jäger liest Furcht</marc:subfield>
   </marc:datafield>
   <marc:datafield ind1="0" ind2="0" tag="245">
      <marc:subfield code="c">Bentley Little. Aus dem Engl. von Christina Neuhaus</marc:subfield>
   </marc:datafield>
   <marc:datafield ind1=" " ind2="1" tag="264">
      <marc:subfield code="a">Bergisch Gladbach</marc:subfield>
      <marc:subfield code="b">Lübbe</marc:subfield>
      <marc:subfield code="c">2007</marc:subfield>
   </marc:datafield>
   <marc:datafield ind1="1" ind2=" " tag="490">
      <marc:subfield code="a">Lübbe audio - Bücher zum Hören</marc:subfield>
   </marc:datafield>
   <marc:datafield ind1=" " ind2=" " tag="250">
      <marc:subfield code="a">Bearb. Fassung</marc:subfield>
   </marc:datafield>
   <marc:datafield ind1="1" ind2=" " tag="520">
      <marc:subfield code="a">Angaben aus der Verlagsmeldung

Furcht / von Bentley Little

Herzlich willkommen in unserer Wohnanlage. Bei uns sind Sie sicher, die Siedlung wird bewacht. Mit Ihrem Einzug akzeptieren Sie die Regeln der Gemeinde: Wir haben das Recht über Ihre Einrichtung, Ihre Freunde und Ihren Job zu bestimmen. Kontakte zu Nachbarn sind untersagt. Fluchtversuche sind zwecklos. Regelverstöße werden hart bestraft. Es drohen körperliche Sanktionen oder der Tod. Wir hoffen, Sie fühlen sich wohl. Mit freundlichen Grüßen Die Verwalter PS: Sie werden beobachtet! Beim Einzug in eine neue Wohnsiedlung begehen die Welchs einen folgenschweren Fehler: Sie verpfänden ihre Seele im Kaufvertrag an die teuflischen Verwalter der Anlage. Von nun an bestimmt nur ein Gefühl ihren Alltag: Angst.
</marc:subfield>
   </marc:datafield>
   <marc:datafield ind1=" " ind2=" " tag="020">
      <marc:subfield code="a">9783785734063</marc:subfield>
      <marc:subfield code="9">9783785734063</marc:subfield>
   </marc:datafield>
   <marc:datafield ind1=" " ind2=" " tag="020">
      <marc:subfield code="a">3785734069</marc:subfield>
      <marc:subfield code="9">3785734069</marc:subfield>
   </marc:datafield>
   <marc:datafield ind1=" " ind2=" " tag="041">
      <marc:subfield code="a">ger</marc:subfield>
   </marc:datafield>
   <marc:datafield ind1=" " ind2=" " tag="300">
      <marc:subfield code="a">6 CDs</marc:subfield>
   </marc:datafield>
</marc:record>
